Statistics for MLB Top Prospects by Team

Click here to take the quiz!

General Stats

  • This quiz has been taken 25 times
  • The average score is 17 of 30

Answer Stats

PlayerTeam% Correct
Jackson HollidayBaltimore Orioles
95%
Jackson ChourioMilwaukee Brewers
86%
Max ClarkDetroit Tigers
82%
Paul SkenesPittsburgh Pirates
82%
Pete Crow-ArmstrongChicago Cubs
77%
Dylan CrewsWashington Nationals
77%
Jasson DomínguezNew York Yankees
73%
Evan CarterTexas Rangers
73%
Noelvi MarteCincinnati Reds
68%
Ethan SalasSan Diego Padres
68%
Tink HenceSt. Louis Cardinals
64%
Colson MontgomeryChicago White Sox
59%
Marcelo MayerBoston Red Sox
55%
Noble MeyerMiami Marlins
55%
Jett WilliamsNew York Mets
55%
Andrew PainterPhiladelphia Phillies
55%
Jordan LawlarArizona Diamondbacks
50%
AJ Smith-ShawverAtlanta Braves
50%
Walker JenkinsMinnesota Twins
50%
Junior CamineroTampa Bay Rays
50%
Chase DeLauterCleveland Guardians
45%
Nelson RadaLos Angeles Angels
41%
Dalton RushingLos Angeles Dodgers
41%
Jacob WilsonOakland Athletics
41%
Kyle HarrisonSan Francisco Giants
36%
Ricky TiedemannToronto Blue Jays
36%
Adael AmadorColorado Rockies
32%
Blake MitchellKansas City Royals
27%
Cole YoungSeattle Mariners
27%
Jacob MeltonHouston Astros
23%

Score Distribution

Percentile by Number Answered

Percent of People with Each Score

Your Score History

You have not taken this quiz